| 000 | 00359nam a2200145Ia 4500 | ||
|---|---|---|---|
| 008 | 230917s9999||||xx |||||||||||||| ||und|| | ||
| 040 |
_e162089 _aMAIN |
||
| 041 | _aEnglish | ||
| 082 | _a070.10244 K128M | ||
| 100 | _aKamleshwar | ||
| 245 | 0 | _aMedia, bhasha aur sanskriti | |
| 260 |
_aNew Delhi _bParveen Prakashan _c2006 |
||
| 300 | _a128 p. | ||
| 942 | _cBK | ||
| 999 |
_c155762 _d155762 |
||